| 000 | 00463nam a2200121Ia 4500 | ||
|---|---|---|---|
| 008 | 220615s9999||||xx |||||||||||||| ||und|| | ||
| 100 | _aEdited by Angie Abdou||Edited by Jamie Dopp | ||
| 245 | 0 | _aWriting the Body in Motion: A Critical Anthology on Canadian Sport Literature | |
| 546 | _aEnglish[eng] | ||
| 650 | _ahockey||sports||gender||winter||Shoeless Joe||sport lit||lacrosse||violence | ||
| 856 | _uhttp://www.aupress.ca/index.php/books/120276 | ||
| 942 | _cEB | ||
| 999 |
_c11120 _d11120 |
||